Espacio y territorio en el análisis geográfico = Space and territory in the geographic analysis /
Se realiza un recorrido por distintos aspectos de la geografía, en el que se explica brevemente la evolución que dicha disciplina ha tenido a lo largo del tiempo. Se profundiza en los enfoques y concepciones que posee el espacio geográfico. Se mencionan distintos aspectos de importancia respecto al...
Uloženo v:
| Hlavní autor: | |
|---|---|
| Korporativní autor: | |
| Médium: | Konferenční příspěvek |
| Témata: | |
| Tagy: |
Přidat tag
Žádné tagy, Buďte první, kdo vytvoří štítek k tomuto záznamu!
|
MARC
| LEADER | 00000 a a2200000 04500 | ||
|---|---|---|---|
| 001 | 43426 | ||
| 003 | |||
| 040 | |||
| 100 | |a Vargas Ulate, Gilbert | ||
| 245 | |a Espacio y territorio en el análisis geográfico = |b Space and territory in the geographic analysis / |c Gilbert Vargas Ulate | ||
| 500 | |a gilvarul@gmail.com | ||
| 520 | |a Se realiza un recorrido por distintos aspectos de la geografía, en el que se explica brevemente la evolución que dicha disciplina ha tenido a lo largo del tiempo. Se profundiza en los enfoques y concepciones que posee el espacio geográfico. Se mencionan distintos aspectos de importancia respecto al espacio geográfico, así como la incidencia del mismo en la cultura o en la llamada geografía humana. | ||
| 590 | |a KSR/AGOSTO2012 | ||
| 650 | |a GEOGRAFIA | ||
| 650 | |a ESPACIO | ||
| 650 | |a EPISTEMOLOGIA | ||
| 650 | |a SIMPOSIO | ||
| 711 | |a Simposio Los muchos contextos de Espacio | ||
| 711 | |d 2011 marzo 21-23 : | ||
| 711 | |c Universidad de Costa Rica) | ||
| 773 | |g volumen91, número1 (2012), páginas 313-326 | ||
| 999 | |c 23134 |d 23134 | ||
